000 00546nam a2200205Ia 4500
003 OSt
005 20230612094845.0
008 210423s2006 xx 000 0 und d
020 _a199280959
040 _cAL
041 _aeng
082 _a541.3
_223
_bATKP
100 _aATKINS (Peter);PAULA (Julio De).
_998766
245 _aPhysical chemistry for the life sciences.
260 _aUK
_bOxford University Press
_c2006
300 _axviii,699
_bPB
365 _cINR
906 _achemistry ; life ; Physical ; sciences
942 _2ddc
_cBK
999 _c163672
_d163672